00420 a2200109 4500001001000000005001700010008004100027245014200068100002500210773005800235999001700293ART_1134020260410161856.0260409a 10aEl sector agropecuario en la provincia de Córdoba en el año 1983-1984. Su relación con años anteriores y participación nacional1 aColomé, Rinaldo A.0 tRevista de Economíag- Nº 45 (dic. 1985)wREV11077 c25483d25483